| 000 | 00872nam a2200253Ia 4500 | ||
|---|---|---|---|
| 003 | OSt | ||
| 005 | 20220923215315.0 | ||
| 006 | a|||||r|||| 00| 0 | ||
| 007 | ta | ||
| 008 | 220922b |||||||| |||| 00| 0 hin d | ||
| 024 | _a177,627 | ||
| 037 | _cTextual | ||
| 040 |
_aARTS _cARTS _bhin |
||
| 041 |
_2hin _ahin |
||
| 082 | _aO152,1:g(P:75), N0 | ||
| 100 |
_aमिश्र, भगीरथ _9156290 |
||
| 245 | 0 |
_aकाव्य-रस _b चिन्तन् और आस्वाद |
|
| 246 | _aKāvya-rasa: chintan aur āswāda | ||
| 260 |
_aवाराणसी _b विश्वविद्यालय प्रकाशन _c1990 |
||
| 300 |
_a141 पृ. _ccm. |
||
| 650 |
_aहिन्दी साहित्य _9156264 |
||
| 942 |
_hO152,1:g(P:75), N0 _cTEXL _2CC |
||
| 999 |
_c331015 _d331015 |
||